|
|
|
|
| LEADER |
00000nam1a2200000 4500 |
| 001 |
264884 |
| 005 |
20231031222933.0 |
| 035 |
|
|
|a (RuTPU)RU\TPU\book\287882
|
| 090 |
|
|
|a 264884
|
| 100 |
|
|
|a 20140623d1975 k y0rusy50 ca
|
| 101 |
0 |
|
|a rus
|
| 102 |
|
|
|a RU
|
| 200 |
1 |
|
|a Управление в пространстве
|e труды V Международного симпозиума ИФАК по автоматическому управлению в пространстве, июнь 1973 г., г. Генуя (Италия)
|e в 2 т.
|f Академия наук СССР (АН СССР), Архив ; под ред. Б. Н. Петрова ; В. Ю. Рутковского
|
| 210 |
|
|
|a Москва
|c Наука
|d 1975
|
| 702 |
|
1 |
|a Петров
|b Б. Н.
|4 340
|
| 702 |
|
1 |
|a Рутковский
|b В. Ю.
|4 340
|
| 712 |
0 |
2 |
|a Академия наук СССР (АН СССР)
|b Архив
|c (Москва, Ленинград)
|2 stltpush
|3 (RuTPU)RU\TPU\col\5501
|
| 712 |
1 |
2 |
|a Управление в пространстве
|c труды Международного симпозиума
|d 5
|e Генуя (Италия)
|f 1973
|4 570
|
| 801 |
|
1 |
|a RU
|b 63413507
|c 20140623
|
| 801 |
|
2 |
|a RU
|b 63413507
|c 20170424
|g RCR
|
| 942 |
|
|
|c BK
|